History Quiz

Random History or Clickable Quiz

Find German Paintings Quiz Stats

 Plays Quiz not verified by Sporcle

Score 0/12 Timer 04:00
1 Play Today
% Correct
Stormtroopers Advance Under Cover of Gas - Dix
94.1%
Deer in the Forest - Marc
90.5%
The Four Apostles - Dürer
89.2%
The Butterfly Hunter - Spitzweg
88.8%
The Cemetery
Entrance - Friedrich
88.8%
Dance Around the Golden Calf - Nolde
88.6%
Christ on the
Cross II - Arp
86%
Cat and Bird - Klee
85.2%
Seahorse - Richter
79.4%
The Temptations of
St. Anthony - Grünewald
79.2%
Yellow Table on
Green - Hofmann
76.9%
Napoleon in the
Wilderness - Ernst
65.8%

You're not logged in!

Compare scores with friends on all Sporcle quizzes.
OR
Log In

Show Comments

Extras

Top Quizzes Today


Score Distribution

Your Account Isn't Verified!

In order to create a playlist on Sporcle, you need to verify the email address you used during registration. Go to your Sporcle Settings to finish the process.

Report this User

Report this user for behavior that violates our Community Guidelines.

Details: